00799nam a2200193 i 450000100060000000300090000600700030001500800410001802000180005910000460007724501860012326000340030930000280034349000280037183000360039985200320043599900170046795201210048469673ES-MaACLt|040708s1985 sp ||||1| spa d a84-398-3898-01 aGarcía-Galán Pérez, Antonio.95463510aFormularios de procedimientos civiles en los juzgados de distritob: [adaptatos a la Ley 34, 1984 de reforma de la Ley de Enjuiciamiento Civil] / cAntonio García-Galán Pérez. aGranada : bComares, c[1985] aXVII, 214 p. ; c20 cm.1 aColección formularios0 aColección formularios9231005 aES-MaACLjL-8081 bR.108750 c69673d69673 00104070aATENEOMbATENEOMcDEPO2d2008-01-17eSCl0oL-8081p1072956r2023-02-23 00:00:00w2023-02-23yMONOGRAFIA